La mitología de los huicholes /

Robert Zinng (1900-1957), antropólogo norteamericano que en la década de los treinta incursionó en el universo de la cultura huichola. El presente texto es un compendio de relatos mitológicos recogidos a lo largo de su estancia en la comunidad de Tuxpan de Bolaños. Buena parte de la información mito...

Descrizione completa

Salvato in:
Dettagli Bibliografici
Autore principale: Zinng, Robert M. (autor)
Altri autori: Fikes, Jay C. (edición) (edición), Weigand, Phil C. (edición) (edición), García de Weigand, Acelia (edición) (edición), Williams, Eduardo (traducción) (traducción)
Natura: Libro
Lingua:spagnolo
Pubblicazione: Zamora, México : Guadalajara, México : El Colegio de Michoacán ; El Colegio de Jalisco : Gobierno del Estado de Jalisco, Secretaría de Cultura, 1998, c1998
Serie:(Colección Occidente)
Soggetti:
Tags: Aggiungi Tag
Nessun Tag, puoi essere il primo ad aggiungerne!!

MARC

LEADER 00000nam^a2200000^a^4500
001 000100950
005 20250521000000.0
009 20260526122015.983
020 |a 968-6959-88-2 
037 |a Acervo ITESO - Biblioteca 
041 |a ESP 
082 |a 306. 0899745  |b ZIN 
100 |a Zinng, Robert M.  |e (autor) 
245 1 3 |a La mitología de los huicholes /  |c R.M. Zinng ; ed. de J.C. Fikes, P.C. Weigand, A. García de Weigand ; tr. por E. Williams. 
264 4 |a Zamora, México :  |b El Colegio de Michoacán ;  |a Guadalajara, México :  |b El Colegio de Jalisco :  |b Gobierno del Estado de Jalisco, Secretaría de Cultura,  |c 1998, c1998 
300 |a 365 p. 
336 |a texto  |b txt  |2 rdacontenido 
337 |a sin mediación  |b n  |2 rdamedio 
338 |a volumen  |b nc  |2 rdasoporte 
440 1 |a (Colección Occidente) 
520 |a Robert Zinng (1900-1957), antropólogo norteamericano que en la década de los treinta incursionó en el universo de la cultura huichola. El presente texto es un compendio de relatos mitológicos recogidos a lo largo de su estancia en la comunidad de Tuxpan de Bolaños. Buena parte de la información mitológica lo obtuvo a través de Juan Real, originario de la comunidad huichola. La obra incluye un anexo gráfico con 207 imágenes. 
649 |a XX 
650 |a Huicholes -  |x Tema Principal 
650 |a Huicholes -  |x Condiciones Sociales y Culturales 
650 |a Huicholes -  |x Fotografías 
650 |a Indígenas de México -  |x Condiciones Sociales y Culturales 
650 |a Mitología Huichola -  |x Tema Principal 
650 |a Cosmovisión -  |z Tuxpan de Bolaños, Jalisco 
650 |a Prácticas Culturales -  |z Tuxpan de Bolaños, Jalisco 
650 |a Etnografía 
650 |a Antropología Cultural 
700 |a Fikes, Jay C.  |e (edición) 
700 |a Weigand, Phil C.  |e (edición) 
700 |a García de Weigand, Acelia  |e (edición) 
700 |a Williams, Eduardo  |e (traducción) 
910 |a Fondo General 
920 |a Impresos - Libros 
930 |a Reserva Especial 
905 |a 103 
901 |a 0500034897  |b IT1  |c REE  |u 20250521 
901 |a 0500066305  |b IT1  |c REE  |u 20250521 
902 |a https://opac.biblio.iteso.mx/vufind/Record/000100950